000 00681nam a2200241Ia 4500
005 20250508163744.0
008 008 250505s9999 xx 000 0 eng d
020 _a0-7507-0447-0
037 _aReference
040 _aFEDL
_beng
_cFEDL
041 _aeng
_2eng
084 _a371.2, CAL
_qFEDL
100 _aCaldwell Brian J
_9776227
245 0 _aBeyond the self-managing school
260 _aLondon, UK
_bFalmer Press
_c1998
300 _ax,245p
365 _aGBP
_b50
490 _aStudent outcomes and the reform of education
650 _aSchool management
700 _a Spinks Jim M
_9776228
942 _cREF
_h371.2, CAL
999 _c1385087
_d1385087